<?xml version="1.0" encoding="UTF-8"?>
<record
    xmlns:xsi="http://www.w3.org/2001/XMLSchema-instance"
    xsi:schemaLocation="http://www.loc.gov/MARC21/slim http://www.loc.gov/standards/marcxml/schema/MARC21slim.xsd"
    xmlns="http://www.loc.gov/MARC21/slim">

  <leader>00774nam a22001697a 4500</leader>
  <controlfield tag="003">SGT</controlfield>
  <datafield tag="020" ind1=" " ind2=" ">
    <subfield code="a"> 9789352028795</subfield>
  </datafield>
  <datafield tag="082" ind1=" " ind2=" ">
    <subfield code="a">338.88,CHE</subfield>
  </datafield>
  <datafield tag="100" ind1=" " ind2=" ">
    <subfield code="a">CHERUNILAM,FRANCIS</subfield>
  </datafield>
  <datafield tag="245" ind1=" " ind2=" ">
    <subfield code="a">INTERNATIONAL BUSINESS ENVIRONMENT</subfield>
  </datafield>
  <datafield tag="250" ind1=" " ind2=" ">
    <subfield code="a">7TH</subfield>
  </datafield>
  <datafield tag="260" ind1=" " ind2=" ">
    <subfield code="a">NEW DELHI</subfield>
    <subfield code="b">HIMALAYA PUBLISHING HOUSE</subfield>
    <subfield code="c">2015</subfield>
  </datafield>
  <datafield tag="300" ind1=" " ind2=" ">
    <subfield code="a">494</subfield>
  </datafield>
  <datafield tag="650" ind1=" " ind2=" ">
    <subfield code="a">PRODUCTION</subfield>
  </datafield>
  <datafield tag="653" ind1=" " ind2=" ">
    <subfield code="a"> INTERNATIONAL BUSINESS AND ITS ENVIRONMENT INTERNATIONAL ECONOMIC COOPERATION AND AGREEMENTS INTERNATIONAL ECONOMIC INSTITUTIONS  INTERNATIONAL TRADE AND INVESTMENT THEORIES INTERNATIONAL TRADE AND PAYMENTS INTERNATIONAL INVESTMENT MULTINATIONAL CORPORATIONS GLOBAL COMPETITIVENESS INTERNATIONAL OPERATIONS MANAGEMENT INTERNATIONAL MONETARY SYSTEM AND FOREIGN EXCHANGE MARKET GLOBALISATION</subfield>
  </datafield>
  <datafield tag="942" ind1=" " ind2=" ">
    <subfield code="2">ddc</subfield>
    <subfield code="c">FCM</subfield>
    <subfield code="0">3</subfield>
  </datafield>
  <datafield tag="952" ind1=" " ind2=" ">
    <subfield code="0">0</subfield>
    <subfield code="1">0</subfield>
    <subfield code="2">ddc</subfield>
    <subfield code="4">0</subfield>
    <subfield code="7">0</subfield>
    <subfield code="8">CM</subfield>
    <subfield code="a">SSSL</subfield>
    <subfield code="b">SSSL</subfield>
    <subfield code="c">DISPLAY</subfield>
    <subfield code="d">2016-06-01</subfield>
    <subfield code="e">KIRTI PRAKASHAN </subfield>
    <subfield code="g">465.00</subfield>
    <subfield code="i">SGTU</subfield>
    <subfield code="l">14</subfield>
    <subfield code="o">338.88,CHE</subfield>
    <subfield code="p">CM1187</subfield>
    <subfield code="r">2022-06-22 00:00:00</subfield>
    <subfield code="s">2022-05-06</subfield>
    <subfield code="w">2015-10-19</subfield>
    <subfield code="y">FCM</subfield>
    <subfield code="k">8150</subfield>
  </datafield>
  <datafield tag="952" ind1=" " ind2=" ">
    <subfield code="0">0</subfield>
    <subfield code="1">0</subfield>
    <subfield code="2">ddc</subfield>
    <subfield code="4">0</subfield>
    <subfield code="7">1</subfield>
    <subfield code="8">CM</subfield>
    <subfield code="a">SSSL</subfield>
    <subfield code="b">SSSL</subfield>
    <subfield code="c">REF</subfield>
    <subfield code="d">2016-06-01</subfield>
    <subfield code="e">KIRTI PRAKASHAN </subfield>
    <subfield code="g">465.00</subfield>
    <subfield code="i">SGTU</subfield>
    <subfield code="o">338.88,CHE</subfield>
    <subfield code="p">CM1188</subfield>
    <subfield code="r">2016-06-01 00:00:00</subfield>
    <subfield code="w">2015-10-19</subfield>
    <subfield code="y">FCM</subfield>
    <subfield code="k">8150</subfield>
  </datafield>
  <datafield tag="952" ind1=" " ind2=" ">
    <subfield code="0">0</subfield>
    <subfield code="1">0</subfield>
    <subfield code="2">ddc</subfield>
    <subfield code="4">0</subfield>
    <subfield code="7">0</subfield>
    <subfield code="8">CM</subfield>
    <subfield code="a">SSSL</subfield>
    <subfield code="b">SSSL</subfield>
    <subfield code="c">TXT</subfield>
    <subfield code="d">2016-07-12</subfield>
    <subfield code="e">KIRTI PRAKASHAN</subfield>
    <subfield code="g">465.00</subfield>
    <subfield code="i">SGTU</subfield>
    <subfield code="l">18</subfield>
    <subfield code="o">338.88,CHE</subfield>
    <subfield code="p">CM767</subfield>
    <subfield code="r">2023-06-12 00:00:00</subfield>
    <subfield code="s">2023-06-10</subfield>
    <subfield code="w">2015-08-14</subfield>
    <subfield code="y">FCM</subfield>
    <subfield code="k">2705</subfield>
  </datafield>
  <datafield tag="999" ind1=" " ind2=" ">
    <subfield code="c">8882</subfield>
    <subfield code="d">8882</subfield>
  </datafield>
</record>
